Statistics for Heaven - Troye Sivan ft. Betty Who (All Lyrics)

Click here to take the quiz!

General Stats

  • This quiz has been taken 186 times
  • The average score is 248 of 324

Answer Stats

Answer% Correct
a
98%
I
98%
do
96%
heaven?
95%
me,
94%
me
94%
me.
94%
to
94%
The
93%
the
93%
of
90%
like
89%
my
88%
truth
88%
piece
87%
wild
87%
losing
86%
runs
86%
with
85%
how
84%
tear
84%
down
83%
get
83%
heart
83%
I'm
82%
Trying
82%
cheek.
81%
on
80%
don't
79%
Without
79%
part
78%
want
78%
maybe
77%
changing
76%
in
76%
is
76%
concrete.
72%
All
71%
if
71%
So
71%
time
71%
at
69%
feeling
69%
face
68%
face,
68%
and
67%
kids
67%
oh.
67%
love
64%
heart's
63%
inside
63%
voice
63%
been
62%
has
62%
we
62%
wasted,
61%
break.
59%
mistaken,
59%
that
59%
This
59%
what
59%
eating
58%
replace
58%
fifteen,
57%
fifteen.
57%
staring
57%
counting
54%
need.
54%
picture
54%
daddy
53%
up
53%
lying
52%
teeth.
52%
both
51%
his
50%
mind
50%
rain
50%
sea.
50%
save
49%
see.
47%
fake
46%
through
46%
its
45%
screaming
44%
sedate
43%
cage
41%
set
38%
free.
37%
keep
37%
faith
35%
numb
35%
straight
35%
wide
35%
paint
33%
embrace
32%
colour
30%
eyed
30%
find
30%
Awake,
26%
some
26%
relief.
25%
lines
24%
trace
21%

Score Distribution

Percentile by Number Answered

Percent of People with Each Score

Your Score History

You have not taken this quiz